000 00609nam a2200241Ia 4500
003 OSt
005 20221006144728.0
006 a|||||r|||| 00| 0
007 ta
008 221006b |||||||| |||| 00| 0 eng d
020 _c
_8.50
024 _a12,519
037 _cTextual
040 _aEASL
_cEASL
_beng
041 _2eng
_aeng
082 _aV41.N69, L1
100 _aFOKKEMA D W
245 0 _aReport from Peking
260 _aLondon
_bMcGill-Queens University press
_c1972
300 _a185p.
_ccm.
942 _hV41.N69, L1
_cTEXL
_2CC
999 _c1080605
_d1080605